000 00337pab a2200145 454500
008 180718b1988 xxu||||| |||| 00| 0 eng d
100 _aSatish Kumar
245 _aBenami Transactions Ordinance
260 _c1988
300 _a31
362 _a1-15 July
650 _aReal Property - Legislation
773 _aYojana
909 _a17060
999 _c17060
_d17060